000 00584nam a22002177a 4500
003 Ost
005 20260414032931.0
008 260413b |||||||| |||| 00| 0 eng d
020 _a9780070634442
040 _cBT-PhCST
050 _aD4670
082 _222
_a624.1834
_bRAJ
100 _aRaju, Krishna N
245 _aPrestressed concrete /
250 _a4th ed.
260 _aNew Delhi :
_bTata McGraw Hill Education Private Limited,
_cc2007.
300 _axxiv, 784. ;
_bill. ;
_c23 cm.
500 _aIncluded index.
504 _aincludes subject index
942 _2ddc
_cCIVIL
999 _c10236
_d10236